| 000 | 01394cab a2200289 4500 | ||
|---|---|---|---|
| 001 | ABS58741 | ||
| 008 | 090401t1998 xxu||||| |||| 00| 0 eng d | ||
| 035 | _a(Sirsi) u86273 | ||
| 041 | _aeng | ||
| 245 | _aBell and others v General Accident Fire & Life Assuance Corporation Ltd | ||
| 260 | _c1998 | ||
| 350 | _a0 | ||
| 490 |
_aEstates Gazette _v[1998] 17 EG 144-148(5) |
||
| 520 | _aCA 11 December 1997. G owned the freehold of property in which it let part to another company (E) in the same group. E later assigned the lease to B. G then served a notice terminating the tenancy, stating that it would not oppose the grant of a new one. B`s subsequent appplication was answered with a request for interim rent. G then sold the freehold. B withdrew their application. B`s appeal that G could not pursue its claim for interim rent as Part II of the Landlord and Tenant Act 1954 did not apply to a tenancy by estoppel, was dismissed. | ||
| 650 | _aASSIGNMENT | ||
| 650 | _aBELL AND OTHERS V GENERAL ACCIDENT FIRE & LIFE ASSURANCE CORPORATION | ||
| 650 | _aESTOPPEL | ||
| 650 | _aINTERIM RENT | ||
| 650 | _aLANDLORD AND TENANT ACT 1954 PART II | ||
| 650 | _aLANDLORD AND TENANT ACT 1954 S24A | ||
| 650 | _aLEASE RENEWAL | ||
| 650 | _aSECTION 25 NOTICES | ||
| 650 | _aTITLE | ||
| 690 | _aLANDLORD AND TENANT-CASE LAW-BUSINESS TENANCIES | ||
| 942 | _n0 | ||
| 948 | _c19/05/1998 | ||
| 999 |
_c54275 _d54275 |
||